[Event "Lliga Catalana DH"]
[Site "?"]
[Date "2018.02.24"]
[Round "6.5"]
[White "Triadu Cassa, Jordi"]
[Black "Lopez Martinez, Ivan"]
[Result "1-0"]
[WhiteElo "2323"]
[BlackElo "2317"]
[PlyCount "155"]
[WhiteTeam "OLO"]
[BlackTeam "LLE"]

1. e4 d5 2. exd5 Qxd5 3. Nc3 Qd6 4. d4 Nf6 5. Nf3 c6 6. Ne5 Nbd7 7. Nc4 Qc7 8.
Qf3 Nb6 9. Bf4 Qd8 10. Be5 Be6 11. Ne3 Nfd5 12. Nexd5 Nxd5 13. Bd3 f6 14. Bg3
Bf7 15. O-O e6 16. Nxd5 exd5 17. Rfe1+ Be7 18. Qe3 Kf8 19. Re2 Bd6 20. Rae1 Qc7
21. Bxd6+ Qxd6 22. Qh3 Re8 23. Rxe8+ Bxe8 24. Qc8 Qd7 25. Qb8 g6 26. Qxa7 Rg8
27. Qc5+ Kf7 28. a4 Rf8 29. a5 Qd8 30. b4 Bd7 31. Qa7 Qb8 32. Qb6 Rd8 33. h3
Qc8 34. a6 bxa6 35. Bxa6 Qb8 36. Qc5 Re8 37. Rxe8 Qxe8 38. Qc3 Qe4 39. Bf1 h5
40. Qd2 Bf5 41. c4 dxc4 42. Bxc4+ Kg7 43. Ba2 h4 44. d5 cxd5 45. Bxd5 Qb1+ 46.
Kh2 Be4 47. Bxe4 Qxe4 48. Qd7+ Kh6 49. Qd6 Qc4 50. Qf8+ Kh7 51. Qc5 Qf4+ 52.
Kg1 g5 53. b5 Qe4 54. b6 Kg6 55. Qc7 g4 56. hxg4 Qe1+ 57. Kh2 h3 58. Kxh3 Qxf2
59. b7 Qe3+ 60. Kh2 Qh6+ 61. Kg1 Qe3+ 62. Kf1 Qd3+ 63. Ke1 Qe4+ 64. Kd1 Qd4+
65. Kc1 Qa1+ 66. Kd2 Qd4+ 67. Kc2 Qa4+ 68. Kd3 Qd1+ 69. Ke3 Qe1+ 70. Kd4 Qd2+
71. Kc5 Qe3+ 72. Kc6 Qe4+ 73. Kb6 Qb4+ 74. Ka6 Qa3+ 75. Qa5 Qd3+ 76. Ka7 Qd4+
77. Ka8 Qe4 78. Qf5+ 1-0

[Event "Lliga Catalana DH"]
[Site "?"]
[Date "2018.02.24"]
[Round "6.4"]
[White "Adel Lahchaichi, Oussama"]
[Black "Busquets Prat, Rafel"]
[Result "1-0"]
[WhiteElo "2378"]
[BlackElo "2352"]
[PlyCount "95"]
[WhiteTeam "LLE"]
[BlackTeam "OLO"]

1. c4 Nf6 2. g3 g6 3. Bg2 Bg7 4. Nc3 O-O 5. d3 c5 6. e4 Nc6 7. Nge2 d6 8. O-O
Ne8 9. Be3 Nc7 10. d4 cxd4 11. Nxd4 Bd7 12. Qd2 Ne6 13. Nxe6 fxe6 14. c5 Ne5
15. Qe2 Qa5 16. Rfd1 Nf7 17. Rac1 Rad8 18. f4 b6 19. cxb6 axb6 20. a3 Rc8 21.
Na2 b5 22. Nb4 Rc4 23. e5 Rfc8 24. Rb1 R4c7 25. Qf2 Rb8 26. exd6 exd6 27. Bd4
Bxd4 28. Qxd4 Qb6 29. Qxb6 Rxb6 30. Rbc1 Ra7 31. Rc3 Kf8 32. Kf2 Ke8 33. Ke3
Kd8 34. Rdc1 Rb8 35. Bf1 Rbb7 36. Kd4 Ke7 37. Bd3 Nd8 38. h4 Be8 39. Be4 d5 40.
Bd3 Kd6 41. Rc8 Ke7 42. h5 Nf7 43. hxg6 hxg6 44. Bxg6 Nd6 45. Rxe8+ Nxe8 46.
Nc6+ Kf6 47. Bxe8 Ra4+ 48. Nb4 1-0

[Event "Lliga Catalana DH"]
[Site "?"]
[Date "2018.02.24"]
[Round "6.10"]
[White "Sole Gonzalez, Edgar"]
[Black "Vall de Vilamaro, Jordi"]
[Result "1/2-1/2"]
[WhiteElo "2134"]
[BlackElo "2227"]
[PlyCount "206"]
[WhiteTeam "LLE"]
[BlackTeam "OLO"]

1. d4 Nf6 2. Bg5 Ne4 3. Bf4 d5 4. f3 Nf6 5. c4 c5 6. e3 Nc6 7. Nc3 cxd4 8. exd4
e6 9. Qd2 dxc4 10. O-O-O Bb4 11. Bxc4 Na5 12. Bb5+ Bd7 13. Qd3 Rc8 14. Nge2 Nd5
15. Bd2 O-O 16. Bxd7 Qxd7 17. Kb1 Nc4 18. Bc1 Na3+ 19. Ka1 Bxc3 20. bxc3 Qa4
21. Bxa3 Qxa3 22. Rc1 b5 23. Qd2 Rc4 24. Qb2 Qa5 25. Rb1 Ra4 26. Rhc1 Rc8 27.
Rc2 a6 28. Qc1 Ra3 29. Qd2 Rc4 30. Rbc1 Rca4 31. Rb1 Qc7 32. g3 Rc4 33. Rbc1
Raa4 34. Rb1 Rc6 35. h4 Rac4 36. Rb3 h6 37. a3 Ra4 38. Kb2 Nb6 39. Qf4 Nc4+ 40.
Ka2 Qe7 41. Qc1 Rd6 42. Nf4 Qb7 43. Rf2 Qc8 44. Nd3 Na5 45. Rb4 Rxb4 46. axb4
Qc4+ 47. Kb2 Qxd3 48. bxa5 Rc6 49. Qc2 Qe3 50. Qd2 Rxc3 51. Qxc3 Qxf2+ 52. Kb3
Qxg3 53. Qc8+ Kh7 54. Qxa6 Qxf3+ 55. Kb4 Qd5 56. Qxb5 Qxd4+ 57. Qc4 Qd6+ 58.
Qc5 Qb8+ 59. Kc4 Qf4+ 60. Kb5 Qb8+ 61. Qb6 Qe8+ 62. Kc5 Qe7+ 63. Kc6 Qxh4 64.
a6 Qe4+ 65. Kc7 Qe5+ 66. Kb7 Qd5+ 67. Qc6 Qb3+ 68. Kc8 Qa3 69. Qb7 Qc5+ 70. Kd7
Qd4+ 71. Ke8 Qa4+ 72. Kxf7 Qf4+ 73. Kxe6 Qf6+ 74. Kd7 Qf5+ 75. Kc7 Qe5+ 76. Kb6
Qd4+ 77. Ka5 Qa1+ 78. Kb5 Qb2+ 79. Kc5 Qc3+ 80. Kd5 Qd3+ 81. Ke5 Qg3+ 82. Ke6
Qg6+ 83. Kd7 Qf7+ 84. Kc6 Qc4+ 85. Kb6 Qd4+ 86. Kc7 Qe5+ 87. Kd8 Qd6+ 88. Ke8
Qe6+ 89. Kf8 Qf6+ 90. Ke8 Qe6+ 91. Kd8 Qd6+ 92. Kc8 Qf8+ 93. Kc7 Qf4+ 94. Kc6
Qe4+ 95. Kd6 Qf4+ 96. Ke7 Qf6+ 97. Ke8 Qe6+ 98. Kf8 Qf6+ 99. Ke8 Qe6+ 100. Kd8
Qd6+ 101. Kc8 Qf8+ 102. Kd7 Qf7+ 103. Kc6 Qc4+ 1/2-1/2

[Event "Lliga Catalana DH"]
[Site "?"]
[Date "2018.02.24"]
[Round "6.5"]
[White "Escandell Mari, Juan Carlos"]
[Black "Fernandez Diaz, Cristian"]
[Result "0-1"]
[WhiteElo "2351"]
[BlackElo "2349"]
[PlyCount "48"]
[EventDate "2018.??.??"]
[WhiteTeam "PEC"]
[BlackTeam "MLL"]

1. e4 d6 2. d4 Nf6 3. Nc3 g6 4. Nf3 Bg7 5. Be2 O-O 6. O-O Nc6 7. d5 Nb8 8. Bf4
Bg4 9. Re1 Nbd7 10. Qd2 Nc5 11. Qe3 Nfd7 12. Nd2 Bxe2 13. Rxe2 e6 14. Bg5 Bf6
15. Bh6 Re8 16. dxe6 Rxe6 17. f3 Nb6 18. b3 g5 19. e5 Bxe5 20. Bxg5 f6 21. f4
Bxc3 22. Qxc3 Rxe2 23. Bxf6 Qe8 24. f5 Qe3+ 0-1

[Event "Lliga Catalana DH"]
[Site "?"]
[Date "2018.02.24"]
[Round "6.8"]
[White "Garcia Marin, Guillem"]
[Black "Oliva Valero, Oscar"]
[Result "1-0"]
[WhiteElo "2179"]
[BlackElo "2298"]
[PlyCount "61"]
[EventDate "2018.??.??"]
[WhiteTeam "MLL"]
[BlackTeam "PEC"]

1. d4 e6 2. Bf4 Nf6 3. e3 b6 4. Nf3 Bb7 5. h3 Be7 6. Be2 O-O 7. O-O c5 8. c3
Nc6 9. Nbd2 Nd5 10. Bh2 f5 11. Nc4 d6 12. a4 Rf6 13. Nfd2 cxd4 14. exd4 Rg6 15.
Bh5 Rh6 16. Bf3 Nc7 17. Re1 Kh8 18. b4 b5 19. Ne3 Qd7 20. Qe2 bxa4 21. b5 Nd8
22. Bxb7 Nxb7 23. Nxf5 Rg6 24. Nxe7 Qxe7 25. c4 Qg5 26. Bg3 d5 27. c5 a3 28.
Nf3 Qe7 29. Rxa3 Rf8 30. Rxa7 Rxf3 31. gxf3 1-0

[Event "Lliga Catalana DH"]
[Site "?"]
[Date "2018.02.24"]
[Round "6.4"]
[White "De Moura Santiago, Yago"]
[Black "Alonso Garcia, Rene"]
[Result "1-0"]
[WhiteElo "2446"]
[BlackElo "2424"]
[PlyCount "77"]
[EventDate "2018.??.??"]
[WhiteTeam "MLL"]
[BlackTeam "PEC"]

1. d4 Nf6 2. c4 g6 3. Nc3 d5 4. Nf3 Bg7 5. Qb3 dxc4 6. Qxc4 O-O 7. e4 Na6 8.
Be2 c5 9. d5 e6 10. O-O exd5 11. exd5 Bf5 12. Rd1 Bc2 13. Rd2 Bf5 14. h3 Re8
15. g4 Bd7 16. Rd1 b5 17. Nxb5 Re4 18. Qc2 Nb4 19. Qd2 Bxg4 20. a3 Bxh3 21. Ng5
Bh6 22. axb4 Bxg5 23. Qxg5 Rxe2 24. Nc3 Re8 25. bxc5 Qc8 26. Ra4 Nd7 27. Ne4 f5
28. Nd6 Qxc5 29. Nxe8 Rxe8 30. Bf4 Bg4 31. Rc1 Qb6 32. Rac4 Qb7 33. Rc6 Bf3 34.
Rxg6+ hxg6 35. Qxg6+ Kf8 36. Bh6+ Ke7 37. d6+ Kd8 38. Bg5+ Nf6 39. Qxf6+ 1-0

[Event "Lliga Catalana DH"]
[Site "?"]
[Date "2018.02.24"]
[Round "6.3"]
[White "Djuric, Stefan"]
[Black "Garriga Cazorla, Pere"]
[Result "0-1"]
[WhiteElo "2470"]
[BlackElo "2469"]
[PlyCount "72"]
[EventDate "2018.??.??"]
[WhiteTeam "PEC"]
[BlackTeam "MLL"]

1. e4 c5 2. Nf3 d6 3. Bb5+ Nd7 4. O-O a6 5. Bxd7+ Bxd7 6. d4 cxd4 7. Qxd4 e5 8.
Qd3 b5 9. Bg5 Qc8 10. Rd1 Bc6 11. Nc3 h6 12. Bh4 g5 13. Bg3 Be7 14. a4 Nf6 15.
axb5 axb5 16. Nxb5 Rxa1 17. Rxa1 Nxe4 18. Na7 Qb7 19. Nxc6 Qxc6 20. Ra7 Bf6 21.
Ra6 Qb7 22. Qa3 O-O 23. c3 Rb8 24. h4 g4 25. Nh2 h5 26. b4 Nxc3 27. Nf1 Ne4 28.
Qa2 Qxb4 29. Ra4 Qb7 30. Ra7 Qb3 31. Qe2 d5 32. Qa6 Qb6 33. Qa4 d4 34. Qa2 Qe6
35. Qa3 Kg7 36. Rc7 Nc3 0-1

[Event "Lliga Catalana DH"]
[Site "?"]
[Date "2018.02.24"]
[Round "6.7"]
[White "Castellet Giralt, Gabriel"]
[Black "Ronce, Nathan"]
[Result "1/2-1/2"]
[WhiteElo "2322"]
[BlackElo "2178"]
[PlyCount "106"]
[EventDate "2018.??.??"]
[WhiteTeam "PEC"]
[BlackTeam "MLL"]

1. d4 d5 2. c4 e6 3. Nc3 Nf6 4. cxd5 exd5 5. Bg5 Be7 6. Qc2 c6 7. e3 Nbd7 8.
Bd3 h6 9. Bf4 O-O 10. Nf3 Re8 11. O-O Nf8 12. h3 Be6 13. Bg3 Rc8 14. a3 c5 15.
dxc5 Bxc5 16. Rad1 N8d7 17. Qb1 a6 18. Ne2 Qb6 19. Nfd4 Ne4 20. Bf4 Bf8 21.
Nxe6 Qxe6 22. Nd4 Qf6 23. Qa2 Nb6 24. Be2 g6 25. Bg4 Rc4 26. Be2 Rc5 27. Qb3 h5
28. f3 Ng5 29. Bxg5 Qxg5 30. Qxb6 Qxe3+ 31. Rf2 Rc2 32. b4 Bg7 33. Kf1 Bxd4 34.
Qxd4 Rxe2 35. Qxe3 R2xe3 36. Rfd2 Rxa3 37. Rxd5 Rb3 38. R5d4 Re6 39. Re1 Rb6
40. Ree4 Rb2 41. h4 Kg7 42. Rc4 Rd6 43. Re2 Rxe2 44. Kxe2 Kf6 45. Ke3 Ke7 46.
Kf4 Rc6 47. Rd4 b5 48. Re4+ Kf6 49. Ke3 Re6 50. Kd4 Rxe4+ 51. fxe4 Ke6 52. Kc5
Ke5 53. Kb6 Kd4 1/2-1/2

[Event "Lliga Catalana DH"]
[Site "?"]
[Date "2018.02.24"]
[Round "6.2"]
[White "Arenas Vanegas, David"]
[Black "Gual Pascual, Antoni"]
[Result "1/2-1/2"]
[WhiteElo "2495"]
[BlackElo "2485"]
[PlyCount "84"]
[EventDate "2018.??.??"]
[WhiteTeam "MLL"]
[BlackTeam "PEC"]

1. d4 g6 2. c4 Bg7 3. Nf3 d6 4. g3 Nf6 5. Bg2 O-O 6. O-O Nc6 7. Nc3 Bf5 8. Nh4
Bd7 9. d5 Na5 10. Qd3 c5 11. b3 a6 12. Bd2 Rb8 13. Rac1 b5 14. Nd1 e6 15. dxe6
Bxe6 16. Ne3 Re8 17. h3 bxc4 18. bxc4 Rb2 19. Rc2 Rxc2 20. Qxc2 Qd7 21. Qd3 Nc6
22. Bc3 Ne7 23. Nf3 Nf5 24. Ng4 Nxg4 25. hxg4 Ne7 26. Bxg7 Kxg7 27. Rd1 d5 28.
cxd5 Qxd5 29. Qxd5 Nxd5 30. e4 Nc3 31. Re1 Nxa2 32. Ra1 Nb4 33. Ra5 c4 34. Nd4
Bxg4 35. Ra4 a5 36. Rxa5 Rc8 37. Ra4 Nd3 38. f3 Bd7 39. Ra2 c3 40. Bf1 Ne5 41.
Kf2 Be6 42. Rc2 f5 1/2-1/2

[Event "Lliga Catalana DH"]
[Site "?"]
[Date "2018.02.24"]
[Round "6.10"]
[White "Luque Marti, Jonatan"]
[Black "Garcia Acosta, Roger"]
[Result "0-1"]
[WhiteElo "2069"]
[BlackElo "2220"]
[PlyCount "144"]
[EventDate "2018.??.??"]
[WhiteTeam "MLL"]
[BlackTeam "PEC"]

1. e4 e5 2. Nf3 Nc6 3. Bc4 Bc5 4. c3 Nf6 5. d3 a6 6. Bb3 O-O 7. Nbd2 Ba7 8. h3
h6 9. Nf1 d5 10. Qe2 Be6 11. Ng3 Na5 12. Bc2 dxe4 13. Nxe4 Bd5 14. b3 Nc6 15.
O-O Re8 16. Be3 Qe7 17. Nfd2 Nd7 18. Ng3 Nd4 19. Bxd4 exd4 20. Qxe7 Rxe7 21. c4
Bc6 22. Rfe1 Rae8 23. Rxe7 Rxe7 24. b4 g6 25. a4 Nf8 26. Bd1 Re1+ 27. Kh2 Bxa4
28. Rxa4 Rxd1 29. Ngf1 Bb8 30. b5 c6+ 31. g3 axb5 32. cxb5 cxb5 33. Rb4 Bd6 34.
Rxb5 Ne6 35. Rxb7 Nc5 36. Rb6 Be5 37. Rb5 Nxd3 38. Kg2 Bg7 39. Rb8+ Kh7 40. Rb7
f5 41. Nf3 g5 42. Rd7 Nc5 43. Rd5 g4 44. hxg4 fxg4 45. Ng5+ hxg5 46. Rxc5 Kg6
47. Nh2 Kh5 48. Rc7 Bf6 49. Rd7 d3 50. Nf1 Bc3 51. Ne3 Rd2 52. Rd6 Be5 53. Rd5
Bc7 54. Rc5 Bb6 55. Re5 Re2 56. Kf1 Bd4 57. Re4 Bc3 58. Rc4 Re1+ 59. Kg2 Rxe3
60. Rxc3 d2 61. Rxe3 d1=Q 62. Re5 Qf3+ 63. Kg1 Kg6 64. Re3 Qd1+ 65. Kg2 Kf5 66.
Re7 Kf6 67. Re3 Qc1 68. Re2 Qb1 69. Re3 Qd1 70. Kh2 Qf1 71. Re8 Qxf2+ 72. Kh1
Qxg3 0-1

[Event "Lliga Catalana DH"]
[Site "?"]
[Date "2018.02.24"]
[Round "6.6"]
[White "Morros Faura, Ricard"]
[Black "Bru Rullo, Llatzer"]
[Result "1/2-1/2"]
[WhiteElo "2337"]
[BlackElo "2315"]
[PlyCount "116"]
[EventDate "2018.??.??"]
[WhiteTeam "MLL"]
[BlackTeam "PEC"]

1. e4 e5 2. Nf3 Nc6 3. d4 exd4 4. Nxd4 Bc5 5. Nxc6 Qf6 6. Qd2 bxc6 7. Nc3 Qg6
8. Qg5 Qxg5 9. Bxg5 Rb8 10. Bc4 d6 11. O-O h6 12. Bd2 Ne7 13. Na4 Bd4 14. Ba5
Bb6 15. Nxb6 axb6 16. Bc3 O-O 17. a4 c5 18. Rfd1 Rd8 19. Rd3 Be6 20. Bxe6 fxe6
21. f4 Nc6 22. Rad1 Rf8 23. g3 Rf7 24. b3 g5 25. fxg5 hxg5 26. Rf1 Rbf8 27.
Rxf7 Rxf7 28. Kg2 e5 29. Rf3 g4 30. Rxf7 Kxf7 31. h4 gxh3+ 32. Kxh3 Kg6 33. Kg4
Nd8 34. Bd2 c6 35. c3 Nb7 36. b4 cxb4 37. cxb4 d5 38. exd5 cxd5 39. a5 bxa5 40.
bxa5 Nc5 41. Bb4 Na6 42. Ba3 Kf6 43. Kh5 d4 44. Kg4 Ke6 45. Kf3 Kd5 46. g4 e4+
47. Ke2 Ke5 48. Bb2 Nc7 49. g5 Ne6 50. Bc1 Nf8 51. a6 Nd7 52. a7 Nb6 53. g6 Kf6
54. Bb2 Kxg6 55. Bxd4 Na8 56. Ke3 Kf5 57. Bc5 Ke5 58. Bd4+ Kd5 1/2-1/2

[Event "Lliga Catalana DH"]
[Site "?"]
[Date "2018.02.24"]
[Round "6.9"]
[White "Valencia Jimenez, Jose"]
[Black "Fernandez Lozano, Francesc"]
[Result "1/2-1/2"]
[WhiteElo "2263"]
[BlackElo "2180"]
[PlyCount "76"]
[EventDate "2018.??.??"]
[WhiteTeam "PEC"]
[BlackTeam "MLL"]

1. d4 f5 2. e4 fxe4 3. Nc3 Nf6 4. Bg5 c6 5. Bxf6 exf6 6. Nxe4 d5 7. Ng3 Qe7+ 8.
Qe2 h5 9. Qxe7+ Bxe7 10. Bd3 Kf7 11. Nf5 Bxf5 12. Bxf5 Na6 13. c3 Bd6 14. O-O-O
g6 15. Bd3 Nc7 16. h4 Rae8 17. g3 b5 18. Kd2 Re7 19. f4 Ne8 20. Nf3 Ng7 21.
Rhf1 Nf5 22. Bxf5 gxf5 23. Ng1 a5 24. Rde1 Rhe8 25. Rxe7+ Rxe7 26. Re1 Rxe1 27.
Kxe1 a4 28. Nf3 Ke6 29. Kd2 Be7 30. Kd3 Bd6 31. b3 axb3 32. axb3 Bc7 33. Nd2
Bd6 34. Nf1 c5 35. Ne3 c4+ 36. Kc2 Be7 37. bxc4 bxc4 38. Kb2 Bd6 1/2-1/2

[Event "Lliga Catalana DH"]
[Site "?"]
[Date "2018.02.24"]
[Round "6.1"]
[White "Guerra Mendez, Jose Angel"]
[Black "Krysa, Leandro"]
[Result "1-0"]
[WhiteElo "2544"]
[BlackElo "2505"]
[PlyCount "83"]
[EventDate "2018.??.??"]
[WhiteTeam "PEC"]
[BlackTeam "MLL"]

1. e4 e5 2. Nf3 Nc6 3. d4 exd4 4. Nxd4 Nf6 5. Nc3 Bc5 6. Nxc6 bxc6 7. Bd3 O-O
8. O-O Re8 9. h3 Rb8 10. Na4 Bf8 11. Re1 d5 12. exd5 cxd5 13. b3 c5 14. Bg5
Rxe1+ 15. Qxe1 h6 16. Bf4 Rb4 17. c4 d4 18. Qe5 Qe7 19. Qxe7 Bxe7 20. Re1 Be6
21. g4 Kf8 22. Bf1 Nd7 23. Bg2 Nb6 24. Nb2 Nd7 25. Bc7 Nb6 26. Nd3 Nd7 27. Nxb4
cxb4 28. Bc6 Nf6 29. Be5 Bc5 30. Bxf6 gxf6 31. Bd5 Ke7 32. f4 Kd6 33. Bf3 f5
34. g5 hxg5 35. fxg5 f4 36. h4 Bf5 37. h5 Kd7 38. h6 Bf8 39. Be4 Be6 40. h7 Bg7
41. Kf2 a5 42. Kf3 1-0

[Event "Lliga Catalana DH"]
[Site "?"]
[Date "2018.02.24"]
[Round "6.1"]
[White "Cervello Tost, Ferran"]
[Black "Vasquez Schroeder, Rodrigo Rafael"]
[Result "1/2-1/2"]
[WhiteElo "2355"]
[BlackElo "2549"]
[PlyCount "45"]
[EventDate "2018.??.??"]
[WhiteTeam "PIP"]
[BlackTeam "CCS"]

1. d4 Nf6 2. Nf3 g6 3. g3 Bg7 4. Bg2 d5 5. O-O O-O 6. c4 dxc4 7. Na3 c3 8. bxc3
c5 9. Nc2 Nc6 10. Ba3 cxd4 11. Nfxd4 Ne5 12. Rb1 Nd5 13. Bxd5 Qxd5 14. Ne3 Qd8
15. Qb3 Nc6 16. Nxc6 bxc6 17. Qc4 Be6 18. Qxc6 Rc8 19. Qa6 Rxc3 20. Qxa7 Qa8
21. Qxa8 Rxa8 22. Bb4 Rc7 23. a3 1/2-1/2

[Event "Lliga Catalana DH"]
[Site "?"]
[Date "2018.02.24"]
[Round "6.2"]
[White "Gonzalez Garcia, Jose"]
[Black "Povill Claros, Xavier"]
[Result "1-0"]
[WhiteElo "2565"]
[BlackElo "2345"]
[PlyCount "69"]
[EventDate "2018.??.??"]
[WhiteTeam "CCS"]
[BlackTeam "PIP"]

1. Nf3 Nf6 2. c4 e6 3. b3 c5 4. Bb2 b6 5. g3 Bb7 6. Bg2 Be7 7. O-O Qc7 8. Nc3
a6 9. e3 O-O 10. Rc1 d6 11. d4 Nbd7 12. d5 exd5 13. cxd5 b5 14. Nh4 Rfe8 15.
Nf5 Bf8 16. g4 Nb6 17. g5 Nfd7 18. e4 c4 19. Ne2 Ne5 20. f4 Ng6 21. Neg3 Ne7
22. Ne3 Ng6 23. Ngf5 Ne7 24. Ng3 Ng6 25. Bd4 Rac8 26. Nh5 a5 27. Nf5 c3 28.
Rxc3 Qxc3 29. Bxc3 Rxc3 30. Qd4 Rc5 31. Nhxg7 Rec8 32. Nh6+ Kh8 33. Nxf7+ Kg8
34. Nh6+ Kh8 35. Ne6+ 1-0

[Event "Lliga Catalana DH"]
[Site "?"]
[Date "2018.02.24"]
[Round "6.3"]
[White "Garcia Ramos, Daniel"]
[Black "Diaz Camallonga, Carles"]
[Result "1/2-1/2"]
[WhiteElo "2336"]
[BlackElo "2489"]
[PlyCount "59"]
[EventDate "2018.??.??"]
[WhiteTeam "PIP"]
[BlackTeam "CCS"]

1. e4 e6 2. d4 d5 3. Bd3 dxe4 4. Bxe4 Nf6 5. Bf3 Bd6 6. c4 O-O 7. Nc3 e5 8.
Nge2 exd4 9. Qxd4 Nbd7 10. Bg5 h6 11. Bh4 Be5 12. Qd2 Nc5 13. Rd1 Qxd2+ 14.
Rxd2 Re8 15. Bxf6 Bxf6 16. O-O a5 17. Rfd1 c6 18. Nd4 Ra6 19. g3 Rb6 20. b3 a4
21. Nxa4 Nxa4 22. bxa4 Ra6 23. h4 Rd8 24. a5 Bxd4 25. Rxd4 Re8 26. Bg4 Bxg4 27.
Rxg4 Re7 28. Rgd4 Rxa5 29. Rd8+ Kh7 30. R8d7 1/2-1/2

[Event "Lliga Catalana DH"]
[Site "?"]
[Date "2018.02.24"]
[Round "6.4"]
[White "Romero Holmes, Alfonso"]
[Black "Perez Garcia, Adria"]
[Result "1-0"]
[WhiteElo "2533"]
[BlackElo "2230"]
[PlyCount "109"]
[EventDate "2018.??.??"]
[WhiteTeam "CCS"]
[BlackTeam "PIP"]

1. e4 c6 2. d4 d5 3. e5 Bf5 4. Be3 e6 5. Nd2 Nd7 6. Nb3 Ne7 7. f4 h6 8. Nf3 Nc8
9. a4 Be7 10. a5 a6 11. Be2 g5 12. O-O Na7 13. Ne1 gxf4 14. Bxf4 Nf8 15. Bd3
Bxd3 16. Nxd3 Qc7 17. Be3 Bg5 18. Qd2 O-O-O 19. Bxg5 hxg5 20. Qxg5 Ng6 21. Qf6
Rh7 22. Nbc5 Ne7 23. Rf3 Rdh8 24. h3 Kb8 25. Qf4 Ng6 26. Qd2 Nh4 27. Rg3 Nf5
28. Rg4 Qd8 29. Nf2 Rh4 30. c3 Nh6 31. Rxh4 Qxh4 32. Nd7+ Kc7 33. Nf6 Nf5 34.
N6g4 Nc8 35. Ne3 Nce7 36. Nfg4 Qg3 37. Rf1 Qh4 38. Rf3 Rg8 39. Qf2 Qg5 40. Nxf5
Nxf5 41. Ne3 Nxe3 42. Rxe3 Rg7 43. Kh2 Qh5 44. Qf6 Qh7 45. Rf3 Kd7 46. Rf2 Ke8
47. Qf4 Qb1 48. Qh6 Rg8 49. Qh5 Rf8 50. Rf6 Ke7 51. Qg5 Ke8 52. b4 Qe1 53. Rf3
Rh8 54. Qg7 Rf8 55. Qf6 1-0

[Event "Lliga Catalana DH"]
[Site "?"]
[Date "2018.02.24"]
[Round "6.5"]
[White "Martinez Lopez, Carlos"]
[Black "Lorenzo de la Riva, Lazaro"]
[Result "0-1"]
[WhiteElo "2174"]
[BlackElo "2449"]
[PlyCount "136"]
[EventDate "2018.??.??"]
[WhiteTeam "PIP"]
[BlackTeam "CCS"]

1. e4 g6 2. d4 c6 3. Nc3 Bg7 4. Nf3 d5 5. h3 dxe4 6. Nxe4 Nf6 7. Bd3 Nxe4 8.
Bxe4 O-O 9. O-O Nd7 10. c3 Qb6 11. Qe2 Re8 12. Be3 Qc7 13. Bc2 a5 14. a4 Nb6
15. Bb3 Nd5 16. Rfe1 Bf5 17. Qd2 Rad8 18. Rad1 Qb6 19. Ba2 Nxe3 20. fxe3 Bc8
21. Ng5 e6 22. Qf2 Qc7 23. Ne4 f5 24. Nc5 b6 25. Nd3 c5 26. Nf4 Bh6 27. Nd3 Rf8
28. Qh4 Bg7 29. dxc5 bxc5 30. Qc4 Kh8 31. Nxc5 Qe5 32. Nxe6 Rxd1 33. Rxd1 Qxe3+
34. Kh1 Bb7 35. Qd3 Qf2 36. Qf1 Qg3 37. Nxg7 Kxg7 38. Bd5 Bxd5 39. Rxd5 Re8 40.
Rd1 Re3 41. Qb5 f4 42. Qd7+ Kh6 43. Qg4 Qxg4 44. hxg4 Kg5 45. Rc1 Kxg4 46. c4
Re6 47. c5 Rc6 48. Kg1 Kf5 49. Kf2 g5 50. g3 fxg3+ 51. Kxg3 h5 52. b3 Ke5 53.
Rh1 Rxc5 54. Rxh5 Kf5 55. Rh8 Rc3+ 56. Kf2 Rxb3 57. Ra8 Kf4 58. Rxa5 g4 59. Rb5
Ra3 60. a5 Ra2+ 61. Kg1 Kg3 62. Rb3+ Kh4 63. Rb5 Kh3 64. Kf1 Ra1+ 65. Kf2 g3+
66. Kf3 Rf1+ 67. Ke4 g2 68. Rh5+ Kg4 0-1

[Event "Lliga Catalana DH"]
[Site "?"]
[Date "2018.02.24"]
[Round "6.6"]
[White "Perpinya Rofes, Lluis Maria"]
[Black "Garcia Castellote, Daniel"]
[Result "0-1"]
[WhiteElo "2445"]
[BlackElo "2166"]
[PlyCount "88"]
[EventDate "2018.??.??"]
[WhiteTeam "CCS"]
[BlackTeam "PIP"]

1. e4 c5 2. Nf3 e6 3. d4 cxd4 4. Nxd4 Nf6 5. Nc3 Nc6 6. Ndb5 Bb4 7. a3 Bxc3+ 8.
Nxc3 d5 9. exd5 exd5 10. Bd3 O-O 11. O-O d4 12. Ne2 Bg4 13. Bg5 Qd6 14. f3 Bh5
15. Nf4 Bg6 16. Nxg6 hxg6 17. f4 Ne7 18. Qf3 b6 19. Rae1 Nf5 20. Qh3 Ne3 21. f5
Nxf1 22. Rxf1 Nd5 23. Qh4 Rae8 24. Rf3 Qe5 25. Bd2 Qf6 26. Qg4 Ne3 27. Bxe3
Rxe3 28. fxg6 Rxf3 29. gxf3 Qe6 30. gxf7+ Qxf7 31. Qxd4 Qf6 32. Qd5+ Kh8 33.
Qe4 Qg5+ 34. Kf2 Qd2+ 35. Kg3 Qg5+ 36. Kf2 Qd2+ 37. Kg3 Qh6 38. f4 Qh5 39. Be2
Qf5 40. Qb4 Re8 41. Bd3 Qe6 42. Qd2 Qf6 43. Qd1 Re3+ 44. Kg4 Qh6 0-1

[Event "Lliga Catalana DH"]
[Site "?"]
[Date "2018.02.24"]
[Round "6.7"]
[White "Garcia Castellote, Oscar"]
[Black "Rahal, Michael"]
[Result "0-1"]
[WhiteElo "2204"]
[BlackElo "2426"]
[PlyCount "104"]
[EventDate "2018.??.??"]
[WhiteTeam "PIP"]
[BlackTeam "CCS"]

1. e4 c6 2. d4 d5 3. Nc3 g6 4. h3 Bg7 5. Nf3 Nf6 6. Bd3 dxe4 7. Nxe4 Nxe4 8.
Bxe4 Nd7 9. O-O O-O 10. Bf4 c5 11. c3 cxd4 12. cxd4 Nf6 13. Bc2 Be6 14. Bb3 Bd5
15. Re1 e6 16. Rc1 Rc8 17. Bxd5 Nxd5 18. Bg5 Rxc1 19. Qxc1 Qb8 20. Qd2 Rc8 21.
Rc1 f6 22. Be3 Rxc1+ 23. Qxc1 Kf7 24. Bh6 Bf8 25. Bxf8 Qxf8 26. h4 Qb8 27. g3
Ne7 28. a4 Qd6 29. Qc4 a6 30. Kf1 h5 31. Ke2 Nc6 32. Ke3 Ke8 33. Nd2 e5 34.
dxe5 Nxe5 35. Qe4 Kf8 36. f4 Ng4+ 37. Ke2 Qb6 38. Qf3 Qxb2 39. a5 Qb5+ 40. Kd1
Nh6 41. Qc3 Ke7 42. Qc7+ Qd7 43. Qc5+ Kf7 44. Qc4+ Kg7 45. Ke2 Nf5 46. Ne4 Nd4+
47. Kf2 Nc6 48. Nc5 Qd2+ 49. Kf1 Qxa5 50. Ne6+ Kh6 51. Kg2 Qd2+ 52. Kh3 Qd1 0-1

[Event "Lliga Catalana DH"]
[Site "?"]
[Date "2018.02.24"]
[Round "6.8"]
[White "Bofill Mas, Alexandre"]
[Black "Moya Arau, Carles"]
[Result "1-0"]
[WhiteElo "2412"]
[BlackElo "2153"]
[PlyCount "113"]
[EventDate "2018.??.??"]
[WhiteTeam "CCS"]
[BlackTeam "PIP"]

1. c4 c5 2. g3 g6 3. Bg2 Bg7 4. Nc3 Nc6 5. Nf3 d6 6. O-O e5 7. d3 Nge7 8. Ne1
O-O 9. Nc2 Nd4 10. Ne3 Rb8 11. Ned5 Nxd5 12. Nxd5 Be6 13. Bd2 Qd7 14. Bc3 b5
15. b3 f5 16. f4 exf4 17. gxf4 Bxd5 18. Bxd5+ Kh8 19. Bd2 Rfe8 20. e3 Nc6 21.
Qf3 Ne7 22. Rad1 Nxd5 23. Qxd5 Qe6 24. Rc1 b4 25. Qf3 Rb6 26. Rc2 a5 27. Bc1 a4
28. Rg2 axb3 29. axb3 Ra6 30. Kh1 Rea8 31. h4 Ra2 32. h5 Qf6 33. hxg6 Qh4+ 34.
Kg1 hxg6 35. Bb2 Bxb2 36. Rh2 Qxh2+ 37. Kxh2 Kg7 38. Rf2 Bc1 39. e4 Rxf2+ 40.
Qxf2 Ra3 41. exf5 gxf5 42. Qg1+ Kf6 43. Qxc1 Rxb3 44. Qd2 Ra3 45. Kg3 Ke6 46.
Kh4 Ra7 47. Qe2+ Kf6 48. Qb2+ Ke6 49. Kg5 Re7 50. Qf6+ Kd7 51. Kxf5 Re2 52.
Qf7+ Re7 53. Qd5 Kc7 54. d4 cxd4 55. c5 dxc5 56. Qxc5+ Kd8 57. Qxd4+ 1-0

[Event "Lliga Catalana DH"]
[Site "?"]
[Date "2018.02.24"]
[Round "6.9"]
[White "Cervello Tost, Roger"]
[Black "Ayas Fernandez, Antoni"]
[Result "0-1"]
[WhiteElo "2103"]
[BlackElo "2351"]
[PlyCount "68"]
[EventDate "2018.??.??"]
[WhiteTeam "PIP"]
[BlackTeam "CCS"]

1. e4 e6 2. d4 d5 3. Nc3 dxe4 4. Nxe4 Nd7 5. Nf3 Ngf6 6. Nxf6+ Nxf6 7. Bd3 c5
8. O-O cxd4 9. Nxd4 Be7 10. Bf4 O-O 11. c3 Nd5 12. Bg3 g6 13. Qf3 Bf6 14. Nb5
Bd7 15. Nc7 Nxc7 16. Bxc7 Qxc7 17. Qxf6 Qd8 18. Qxd8 Rfxd8 19. Be4 Bb5 20. Rfd1
Be2 21. Rxd8+ Rxd8 22. Bxb7 Rb8 23. Re1 Bd3 24. Bf3 Rxb2 25. Rd1 Bc4 26. h4
Rxa2 27. h5 Kg7 28. Rd7 a5 29. h6+ Kxh6 30. Rxf7 a4 31. Rc7 Bb3 32. Kh2 Rxf2
33. Ra7 Ra2 34. Rb7 Rc2 0-1

[Event "Lliga Catalana DH"]
[Site "?"]
[Date "2018.02.24"]
[Round "6.10"]
[White "Garcia-Castany Musellas, Gal·la"]
[Black "Corrigüelas Armillas, Frederic"]
[Result "1-0"]
[WhiteElo "2289"]
[BlackElo "2146"]
[PlyCount "89"]
[EventDate "2018.??.??"]
[WhiteTeam "CCS"]
[BlackTeam "PIP"]

1. e4 c5 2. Nf3 Nc6 3. Bb5 d6 4. d4 cxd4 5. Qxd4 Bd7 6. Qd3 h6 7. c4 Nf6 8. Nc3
e5 9. O-O Be7 10. h3 O-O 11. Rd1 a6 12. Ba4 Nb4 13. Qe2 Bxa4 14. Nxa4 Qa5 15.
Nc3 Rac8 16. Be3 Nc6 17. a3 Nb8 18. Rac1 Nbd7 19. Nh4 Rfe8 20. Nf5 Qc7 21. Nd5
Nxd5 22. cxd5 Qd8 23. Rxc8 Qxc8 24. Qg4 g6 25. Nxh6+ Kg7 26. Nf5+ Kg8 27. Nxe7+
Rxe7 28. Bg5 Qe8 29. Bxe7 Qxe7 30. Rc1 Nc5 31. b4 Nd3 32. Rc3 Nf4 33. g3 Nh5
34. Rc8+ Kg7 35. Qh4 Qxh4 36. gxh4 f5 37. exf5 gxf5 38. Rd8 Nf4 39. Rxd6 Nxh3+
40. Kf1 Nf4 41. Rd7+ Kf6 42. Rxb7 Nxd5 43. Ra7 e4 44. Rxa6+ Ke5 45. Ra5 1-0